00473nam a22001577a 450000500170000001000150001702000260003203500140005803700130007208200130008510000180009824501090011626000250022527000440025030000210029420231121165939.0 aENG-135532 a978819034346c2500.00 aEN-119064 bDBAD/PUB a588.9954 aK.M., Manjula aFissidentaceae(bryophyta) of the western ghats, India:cBy Manjula, K.M., Manju, C.N. [AND] Rajesh, K.P. aKeralabCRIKSCc2022 bKeralaaD-37, Jawahar Nagar, Kozhikode  a449p.c23cm(pbk)